[Event "Quenza op 12th"]
[Site "Quenza"]
[Date "2023.07.23"]
[Round "4"]
[White "Glek, Igor Vladimirovich"]
[Black "Stoenescu, Radu"]
[Result "1-0"]
[WhiteElo "2410"]
[BlackElo "1997"]
[PlyCount "95"]
[EventDate "2023.07.23"]
[EventType "swiss"]
[EventRounds "9"]
[EventCountry "FRA"]
[SourceTitle "CBM 215 Extra"]
[Source "ChessBase"]
[SourceDate "2023.09.30"]
[SourceVersion "1"]
[SourceVersionDate "2023.09.30"]
[SourceQuality "1"]

1. e4 c5 2. Nf3 d6 3. d4 Nf6 4. Nc3 cxd4 5. Nxd4 a6 6. a4 e5 7. Nf3 Be7 8. Bg5 Nbd7 9. Bc4 b6 10. 0-0 Bb7 11. Qe2 Qc7 12. Rfd1 0-0 13. Bxf6 Nxf6 14. Nd5 Nxd5 15. Bxd5 Bxd5 16. Rxd5 Rfc8 17. c3 Qc4 18. Qxc4 Rxc4 19. Nd2 Rc5 20. Rxc5 bxc5 21. Nc4 g6 22. Rd1 Rd8 23. Kf1 f5 24. f3 Kf7 25. Ke2 Ke6 26. Ne3 Rb8 27. Nc4 fxe4 28. fxe4 Rf8 29. g3 h5 30. Rd3 Rf7 31. Rf3 Bf6 32. Kd3 Rb7 33. Kc2 Be7 34. Ne3 Bg5 35. Nd5 Rf7 36. Rxf7 Kxf7 37. b4 cxb4 38. cxb4 Bd8 39. Kd3 Ke6 40. Kc4 Kd7 41. b5 axb5+ 42. Kxb5 h4 43. gxh4 Bxh4 44. Kb6 Bf2+ 45. Kb7 g5 46. a5 g4 47. a6 Bc5 48. Nb6+ 1-0

[Event "Krakow op-B 33rd"]
[Site "Krakow"]
[Date "2022.12.27"]
[Round "1"]
[White "Barwinska, Ewa"]
[Black "Stoenescu, Radu"]
[Result "1-0"]
[WhiteElo "1913"]
[BlackElo "2075"]
[PlyCount "41"]
[EventDate "2022.12.27"]
[EventType "swiss"]
[EventRounds "9"]
[EventCountry "POL"]
[SourceTitle "CBM 212 Extra"]
[Source "ChessBase"]
[SourceDate "2023.03.31"]
[SourceVersion "1"]
[SourceVersionDate "2023.03.31"]
[SourceQuality "1"]

1. e4 c5 2. Nf3 d6 3. d4 cxd4 4. Nxd4 Nf6 5. Nc3 a6 6. Be2 e5 7. Nb3 Be6 8. f4 exf4 9. Bxf4 Nc6 10. 0-0 Be7 11. Qe1 Qb6+ 12. Kh1 0-0 13. Qg3 Rfd8 14. Rad1 Nb4 15. Nd4 Rac8 16. Bh6 Ne8 17. Nxe6 fxe6 18. Bh5 g6 19. Bxg6 hxg6 20. Qxg6+ Kh8 21. Rf7 1-0

[Event "Trieste op 24th"]
[Site "Trieste"]
[Date "2022.09.04"]
[Round "2"]
[White "Stoenescu, Radu"]
[Black "Holtel, Jasper"]
[Result "0-1"]
[WhiteElo "2081"]
[BlackElo "2406"]
[PlyCount "80"]
[EventDate "2022.09.03"]
[EventType "swiss"]
[EventRounds "9"]
[EventCountry "ITA"]
[SourceTitle "CBM 210 Extra"]
[Source "ChessBase"]
[SourceDate "2022.11.30"]
[SourceVersion "1"]
[SourceVersionDate "2022.11.30"]
[SourceQuality "1"]

1. e4 c5 2. Nf3 d6 3. d4 cxd4 4. Nxd4 Nf6 5. Nc3 a6 6. Bg5 e6 7. f4 Be7 8. Qf3 Qc7 9. 0-0-0 Nbd7 10. g4 h6 11. Bxf6 Bxf6 12. h4 Nb6 13. g5 Bxd4 14. Rxd4 Qc5 15. Rd2 Bd7 16. Be2 Na4 17. Nxa4 Bxa4 18. Kb1 0-0-0 19. Rhd1 Bc6 20. c4 hxg5 21. hxg5 Rh2 22. Bf1 Rxd2 23. Rxd2 Rh8 24. a3 a5 25. Ka2 a4 26. Qd3 Rh4 27. Qg3 Rh1 28. Qf3 Bxe4 29. Qxe4 Rxf1 30. Qd4 Kc7 31. g6 Qxd4 32. Rxd4 f6 33. b4 Rf2+ 34. Kb1 Rf3 35. Kb2 Rb3+ 36. Ka2 Rg3 37. c5 dxc5 38. bxc5 Rg2+ 39. Kb1 Rxg6 40. Rxa4 Rg4 0-1

[Event "Titled Tuesday intern op 05th Apr Late"]
[Site "Chess.com INT"]
[Date "2022.04.05"]
[Round "8"]
[White "Clawitter, Craig"]
[Black "Stoenescu, Radu"]
[Result "1-0"]
[WhiteElo "2050"]
[BlackElo "2100"]
[PlyCount "97"]
[EventDate "2022.04.05"]
[EventType "swiss (blitz)"]
[EventRounds "11"]
[EventCountry "USA"]
[SourceTitle "CBM 207 Extra"]
[Source "ChessBase"]
[SourceDate "2022.05.31"]
[SourceVersion "1"]
[SourceVersionDate "2022.05.31"]
[SourceQuality "1"]

1. e4 c5 2. Nf3 d6 3. d4 Nf6 4. Nc3 cxd4 5. Nxd4 a6 6. Be3 e5 7. Nb3 Be6 8. f3 Be7 9. Qd2 0-0 10. 0-0-0 a5 11. a4 Na6 12. Kb1 Nb4 13. g4 d5 14. g5 d4 15. gxf6 dxc3 16. Qxd8 Bxd8 17. bxc3 Nc6 18. fxg7 Kxg7 19. Nc5 Bc8 20. Bb5 Be7 21. Rhg1+ Kh8 22. Nd7 Rd8 23. Nb6 Rb8 24. Nd5 Be6 25. Kc1 Ba3+ 26. Kb1 Ne7 27. c4 f5 28. Ka2 Nxd5 29. cxd5 f4 30. Bb6 Rg8 31. Rxg8+ Bxg8 32. Kxa3 Rc8 33. d6 Be6 34. d7 Rc3+ 35. Kb2 Bxd7 36. Rxd7 Rxf3 37. Bc7 Re3 38. Bxe5+ Kg8 39. Bc4+ Kf8 40. Rf7+ Ke8 41. Rxf4 Re1 42. Bc3 Rh1 43. Rh4 Ke7 44. Rxh7+ Kd6 45. Bxa5 Kc5 46. Bd3 Kd4 47. Bc3+ Ke3 48. e5 Kf4 49. e6 1-0

[Event "Titled Tuesday intern op 05th Apr Late"]
[Site "Chess.com INT"]
[Date "2022.04.05"]
[Round "4"]
[White "Maneluk, Daniil"]
[Black "Stoenescu, Radu"]
[Result "1-0"]
[WhiteElo "2230"]
[BlackElo "2100"]
[PlyCount "31"]
[EventDate "2022.04.05"]
[EventType "swiss (blitz)"]
[EventRounds "11"]
[EventCountry "USA"]
[SourceTitle "CBM 207 Extra"]
[Source "ChessBase"]
[SourceDate "2022.05.31"]
[SourceVersion "1"]
[SourceVersionDate "2022.05.31"]
[SourceQuality "1"]

1. e4 c5 2. Nf3 d6 3. d4 Nf6 4. Nc3 cxd4 5. Nxd4 a6 6. f3 e5 7. Nb3 Be6 8. Be3 Be7 9. Qd2 0-0 10. 0-0-0 a5 11. Bb5 Na6 12. g4 Nc7 13. a4 d5 14. g5 d4 15. gxf6 dxe3 16. Qxe3 1-0

[Event "Titled Tuesday intern op 05th Apr Late"]
[Site "Chess.com INT"]
[Date "2022.04.05"]
[Round "7"]
[White "Quirke, Jeffrey"]
[Black "Stoenescu, Radu"]
[Result "1/2-1/2"]
[WhiteElo "2086"]
[BlackElo "2100"]
[PlyCount "84"]
[EventDate "2022.04.05"]
[EventType "swiss (blitz)"]
[EventRounds "11"]
[EventCountry "USA"]
[SourceTitle "CBM 207 Extra"]
[Source "ChessBase"]
[SourceDate "2022.05.31"]
[SourceVersion "1"]
[SourceVersionDate "2022.05.31"]
[SourceQuality "1"]

1. c4 f5 2. g3 Nf6 3. Bg2 e5 4. Nc3 g6 5. d3 Bg7 6. Nf3 d6 7. 0-0 0-0 8. Rb1 a5 9. a3 c6 10. b4 axb4 11. axb4 Nbd7 12. b5 h6 13. Bb2 Nc5 14. Ra1 Rb8 15. Qc2 g5 16. Nd2 Bd7 17. Rfb1 f4 18. bxc6 Bxc6 19. Nd5 Ng4 20. Ne4 fxg3 21. fxg3 Bxd5 22. cxd5 Ne3 23. Qd2 Nxg2 24. Kxg2 Nxe4 25. dxe4 Qb6 26. Rf1 g4 27. Rxf8+ Rxf8 28. Rf1 Bf6 29. Ba3 Bg5 30. Rxf8+ Kxf8 31. Qb4 Qxb4 32. Bxb4 Ke7 33. h3 h5 34. hxg4 hxg4 35. Kf2 Bc1 36. e3 Kd7 37. Ke2 b5 38. Kd3 Kc7 39. Ke2 Bb2 40. Kd3 Bc1 41. Ke2 Kd7 42. Kd3 Kc7 1/2-1/2

[Event "Titled Tuesday intern op 05th Apr Late"]
[Site "Chess.com INT"]
[Date "2022.04.05"]
[Round "9"]
[White "Stoenescu, Radu"]
[Black "D'Arruda, Ricardo D"]
[Result "0-1"]
[WhiteElo "2100"]
[BlackElo "2271"]
[PlyCount "110"]
[EventDate "2022.04.05"]
[EventType "swiss (blitz)"]
[EventRounds "11"]
[EventCountry "USA"]
[SourceTitle "CBM 207 Extra"]
[Source "ChessBase"]
[SourceDate "2022.05.31"]
[SourceVersion "1"]
[SourceVersionDate "2022.05.31"]
[SourceQuality "1"]

1. e4 c5 2. Nf3 Nc6 3. d4 cxd4 4. Nxd4 e5 5. Nb5 a6 6. Nd6+ Bxd6 7. Qxd6 Qe7 8. Qd1 Nf6 9. Nc3 d6 10. Be2 Be6 11. Be3 0-0 12. Bg5 h6 13. Bxf6 Qxf6 14. 0-0 Rfd8 15. Nd5 Bxd5 16. Qxd5 Rac8 17. c3 Qe6 18. Bc4 Qxd5 19. Bxd5 Kf8 20. Rfd1 Ke7 21. Rd3 Rd7 22. Rad1 Na5 23. b3 b6 24. Rf3 f6 25. Rg3 g5 26. Rh3 Rh8 27. Rh5 Nb7 28. c4 Nc5 29. Re1 Ne6 30. g3 Ng7 31. Rh3 h5 32. f4 g4 33. Rh4 f5 34. h3 Kf6 35. hxg4 fxg4 36. fxe5+ Kxe5 37. Kg2 Rf8 38. Rf1 Rxf1 39. Kxf1 Rd8 40. Ke2 Rf8 41. Rh2 Rf3 42. Rg2 Kd4 43. Kd2 a5 44. Kc2 Ne8 45. e5 Rc3+ 46. Kb2 dxe5 47. Bf7 Nf6 48. Bg6 e4 49. Rd2+ Rd3 50. Re2 Ke5 51. Kc2 Rxg3 52. Rf2 Rf3 53. Re2 e3 54. Kd3 Kf4 55. Kd4 g3 0-1

[Event "Titled Tuesday intern op 05th Apr Late"]
[Site "Chess.com INT"]
[Date "2022.04.05"]
[Round "3"]
[White "Stoenescu, Radu"]
[Black "Mkrtchyan, Mariam"]
[Result "0-1"]
[WhiteElo "2100"]
[BlackElo "2300"]
[PlyCount "50"]
[EventDate "2022.04.05"]
[EventType "swiss (blitz)"]
[EventRounds "11"]
[EventCountry "USA"]
[SourceTitle "CBM 207 Extra"]
[Source "ChessBase"]
[SourceDate "2022.05.31"]
[SourceVersion "1"]
[SourceVersionDate "2022.05.31"]
[SourceQuality "1"]

1. e4 c6 2. d4 d5 3. Nd2 dxe4 4. Nxe4 Nf6 5. Nxf6+ exf6 6. c3 Bd6 7. Bd3 0-0 8. Ne2 Re8 9. Qc2 h5 10. Be3 Nd7 11. Bh7+ Kh8 12. Bf5 b5 13. Ng3 Nb6 14. Bxc8 Qxc8 15. Nxh5 Nd5 16. Qd3 f5 17. g3 g6 18. Nf4 Bxf4 19. gxf4 Nxf4 20. Qd2 Ng2+ 21. Kd1 f4 22. Bxf4 Qg4+ 23. f3 Qxf3+ 24. Kc1 Nxf4 25. Rd1 Re2 0-1

[Event "Titled Tuesday intern op 05th Apr Late"]
[Site "Chess.com INT"]
[Date "2022.04.05"]
[Round "11"]
[White "Stoenescu, Radu"]
[Black "P, Komal Kishore"]
[Result "1-0"]
[WhiteElo "2100"]
[BlackElo "2086"]
[PlyCount "105"]
[EventDate "2022.04.05"]
[EventType "swiss (blitz)"]
[EventRounds "11"]
[EventCountry "USA"]
[SourceTitle "CBM 207 Extra"]
[Source "ChessBase"]
[SourceDate "2022.05.31"]
[SourceVersion "1"]
[SourceVersionDate "2022.05.31"]
[SourceQuality "1"]

1. e4 c6 2. d4 d5 3. Nd2 dxe4 4. Nxe4 Bf5 5. Ng3 Bg6 6. h4 h6 7. Nf3 Nd7 8. h5 Bh7 9. Bd3 Bxd3 10. Qxd3 e6 11. Bd2 Ngf6 12. 0-0-0 Qc7 13. Ne4 Nxe4 14. Qxe4 Nf6 15. Qe2 Bd6 16. Kb1 0-0-0 17. Ne5 c5 18. Bc3 Nd5 19. Qc4 Bxe5 20. dxe5 a6 21. Rde1 b5 22. Qd3 Qc6 23. Qg3 Nxc3+ 24. Qxc3 c4 25. Qg3 Rhg8 26. Rd1 Rd5 27. a3 Qd7 28. Rde1 a5 29. Qc3 Qc7 30. Rh4 Qc5 31. Qxa5 c3 32. Qxc3 Qxc3 33. bxc3 Rd2 34. Rf4 Rf8 35. Kc1 Rd7 36. Rd1 Rfd8 37. Rfd4 Rd5 38. Kb2 Kc7 39. Kb3 Kc6 40. c4 bxc4+ 41. Rxc4+ Kb5 42. Rxd5+ Rxd5 43. Rc7 Rxe5 44. Rxf7 Rg5 45. g3 Kc5 46. a4 e5 47. a5 Kb5 48. Ra7 Rxh5 49. c4+ Kc6 50. Rxg7 Rf5 51. Rg6+ Kb7 52. Rxh6 Rxf2 53. Kc3 1-0

[Event "Balagna rapid op 14th"]
[Site "Balagna"]
[Date "2017.05.06"]
[Round "6"]
[White "Lazarev, Vladimir"]
[Black "Stoenescu, Radu"]
[Result "1-0"]
[WhiteElo "2362"]
[BlackElo "2149"]
[PlyCount "65"]
[EventDate "2017.05.06"]
[EventType "swiss (rapid)"]
[EventRounds "9"]
[EventCountry "FRA"]
[SourceTitle "CBM 178 Extra"]
[Source "ChessBase"]
[SourceDate "2017.06.22"]
[SourceVersion "1"]
[SourceVersionDate "2017.06.22"]
[SourceQuality "1"]

1. d4 f5 2. g3 Nf6 3. Bg2 g6 4. Nf3 Bg7 5. b4 Nc6 6. c3 d5 7. 0-0 0-0 8. Nbd2 Kh8 9. a4 Be6 10. Nb3 Ne4 11. Qc2 Bg8 12. b5 Nb8 13. Nfd2 c6 14. Nxe4 fxe4 15. f3 exf3 16. exf3 e5 17. dxe5 Bxe5 18. Be3 Nd7 19. f4 Bf6 20. bxc6 bxc6 21. a5 Re8 22. Qd2 Rb8 23. Nc5 Nxc5 24. Bxc5 a6 25. Rfe1 Rxe1+ 26. Qxe1 Qe8 27. Qxe8 Rxe8 28. Bd4 Bxd4+ 29. cxd4 Rb8 30. Bf1 Rb4 31. Bxa6 Rxd4 32. Bb7 Rc4 33. a6 1-0

[Event "Lille Luce op 7th"]
[Site "Lille"]
[Date "2016.04.13"]
[Round "6"]
[White "Stoenescu, Radu"]
[Black "Bertinchamp, Jean Louis"]
[Result "1-0"]
[WhiteElo "2140"]
[BlackElo "1786"]
[PlyCount "61"]
[EventDate "2016.04.09"]
[EventType "swiss"]
[EventRounds "7"]
[EventCountry "FRA"]
[SourceTitle "CBM 171 Extra"]
[Source "ChessBase"]
[SourceDate "2016.04.26"]
[SourceVersion "1"]
[SourceVersionDate "2016.04.26"]
[SourceQuality "1"]

1. e4 e6 2. d4 d5 3. Nc3 Bb4 4. e5 c5 5. a3 Bxc3+ 6. bxc3 Qa5 7. Bd2 Nc6 8. Qb1 Nge7 9. h4 0-0 10. Ne2 Qc7 11. Qb5 cxd4 12. cxd4 Bd7 13. Qd3 Rfc8 14. h5 Nf5 15. c3 Na5 16. Rb1 a6 17. g4 Ne7 18. h6 Bb5 19. Rxb5 axb5 20. hxg7 h6 21. Rxh6 Ng6 22. Qh3 Kxg7 23. Rh7+ Kf8 24. Bg5 Ke8 25. Qh6 Nc6 26. Qg7 Rxa3 27. Qg8+ Kd7 28. Qxf7+ Nce7 29. Bxe7 Ra1+ 30. Kd2 Ra2+ 31. Kc1 1-0

[Event "Lille Luce op 7th"]
[Site "Lille"]
[Date "2016.04.12"]
[Round "5"]
[White "Sundararajan, Kidambi"]
[Black "Stoenescu, Radu"]
[Result "1-0"]
[WhiteElo "2474"]
[BlackElo "2140"]
[PlyCount "83"]
[EventDate "2016.04.09"]
[EventType "swiss"]
[EventRounds "7"]
[EventCountry "FRA"]
[SourceTitle "CBM 171 Extra"]
[Source "ChessBase"]
[SourceDate "2016.04.26"]
[SourceVersion "1"]
[SourceVersionDate "2016.04.26"]
[SourceQuality "1"]

1. d4 d5 2. c4 c6 3. Nf3 Nf6 4. e3 Bf5 5. Nc3 a6 6. Qb3 b5 7. c5 Nbd7 8. a4 e5 9. Be2 g6 10. Qa3 Rc8 11. axb5 axb5 12. Qa5 Bg7 13. Qxd8+ Kxd8 14. Bd2 Re8 15. Ra7 Rc7 16. Ra6 exd4 17. exd4 Kc8 18. Ra8+ Kb7 19. Rxe8 Nxe8 20. 0-0 Rc8 21. Na2 Bg4 22. Bc3 Nc7 23. h3 Bxf3 24. Bxf3 Ne6 25. Rd1 Ra8 26. Nb4 Ra4 27. Bxd5 cxd5 28. c6+ Kc7 29. cxd7 Kd6 30. Re1 Ra8 31. Kf1 Nc7 32. Na6 Ne6 33. Nc5 Rb8 34. Bb4 Nxc5 35. Re8 Kxd7 36. Rxb8 Ne6 37. Rb7+ Kc6 38. Rxf7 Bxd4 39. Bc3 Bxc3 40. bxc3 Nc5 41. Ke2 Ne4 42. Kd3 1-0

[Event "Lille Luce op 7th"]
[Site "Lille"]
[Date "2016.04.10"]
[Round "2"]
[White "Stoenescu, Radu"]
[Black "Szabo, Bence"]
[Result "0-1"]
[WhiteElo "2140"]
[BlackElo "2392"]
[PlyCount "72"]
[EventDate "2016.04.09"]
[EventType "swiss"]
[EventRounds "7"]
[EventCountry "FRA"]
[SourceTitle "CBM 171 Extra"]
[Source "ChessBase"]
[SourceDate "2016.04.26"]
[SourceVersion "1"]
[SourceVersionDate "2016.04.26"]
[SourceQuality "1"]

1. e4 c5 2. Nf3 d6 3. d4 cxd4 4. Nxd4 Nf6 5. Nc3 Nc6 6. Bc4 e6 7. Be3 a6 8. Qe2 Qc7 9. Bb3 Na5 10. g4 Nxb3 11. axb3 Nd7 12. f4 Rb8 13. 0-0-0 b5 14. Nd5 exd5 15. exd5 Be7 16. Nf5 Nf6 17. Nxg7+ Kf8 18. Rhg1 Kxg7 19. g5 Ne8 20. Bd4+ Kg8 21. Rde1 Bf5 22. c3 Bf8 23. h4 Qa5 24. Kd2 Qa2 25. Ke3 Qxb3 26. Kf2 Bg7 27. Qxe8+ Rxe8 28. Rxe8+ Bf8 29. Bf6 Qc4 30. Bd4 Qd3 31. Rge1 Bd7 32. Rd8 Qd2+ 33. Re2 Qxf4+ 34. Kg1 Bh3 35. Rf2 Qg3+ 36. Kh1 Bg4 0-1

[Event "Charleroi op"]
[Site "Charleroi"]
[Date "2015.08.03"]
[Round "3"]
[White "Ponnet, Guy"]
[Black "Stoenescu, Radu"]
[Result "1/2-1/2"]
[WhiteElo "1677"]
[BlackElo "2152"]
[PlyCount "89"]
[EventDate "2015.08.01"]
[EventType "swiss"]
[EventRounds "9"]
[EventCountry "BEL"]
[SourceTitle "CBM 167 Extra"]
[Source "ChessBase"]
[SourceDate "2015.09.14"]
[SourceVersion "1"]
[SourceVersionDate "2015.09.14"]
[SourceQuality "1"]

1. e4 c5 2. c3 Nf6 3. e5 Nd5 4. d4 cxd4 5. cxd4 d6 6. Bc4 Nb6 7. Bb5+ Bd7 8. e6 Bxb5 9. Qh5 Qc8 10. Qxb5+ Kd8 11. Nc3 Qxe6+ 12. Nge2 Qc4 13. Qf5 g6 14. Qf3 Qc6 15. d5 Qe8 16. Be3 Bg7 17. Bxb6+ axb6 18. 0-0 Nd7 19. Qe3 b5 20. b4 Ra6 21. Nxb5 Bxa1 22. Qc1 e6 23. Nc7 Qe7 24. Qxa1 Qf6 25. Nxa6 Qxa1 26. Rxa1 bxa6 27. dxe6 fxe6 28. a4 Kc7 29. Rc1+ Kb7 30. Nd4 e5 31. Ne6 Rc8 32. Rxc8 Kxc8 33. Ng5 Nf6 34. f3 Kc7 35. Kf2 Kc6 36. Ne4 Nd5 37. b5+ axb5 38. axb5+ Kc7 39. Ke1 Ne7 40. b6+ Kd7 41. b7 Nc6 42. Nf6+ Kc7 43. Ne8+ Kd7 44. Nf6+ Kc7 45. Ne8+ 1/2-1/2

[Event "Paris-ch op-A"]
[Site "Paris"]
[Date "2010.07.03"]
[Round "1"]
[White "Jacquet, Stephane"]
[Black "Stoenescu, Radu"]
[Result "1/2-1/2"]
[WhiteElo "1972"]
[BlackElo "2189"]
[PlyCount "63"]
[EventDate "2010.07.03"]
[EventType "swiss"]
[EventRounds "9"]
[EventCountry "FRA"]
[SourceTitle "CBM 137 Extra"]
[Source "ChessBase"]
[SourceDate "2010.09.01"]
[SourceVersion "1"]
[SourceVersionDate "2010.09.01"]
[SourceQuality "1"]

1. d4 d5 2. c4 e6 3. Nc3 c6 4. Nf3 Nf6 5. cxd5 exd5 6. Qc2 Nbd7 7. Bg5 Qa5 8. Nd2 Bb4 9. e3 0-0 10. Bd3 Re8 11. 0-0 Bd6 12. Bh4 Qc7 13. Bg3 Bxg3 14. hxg3 Nf8 15. Nf3 Qe7 16. Rab1 Ne4 17. b4 a6 18. a4 Ng6 19. Rb3 h5 20. b5 axb5 21. axb5 h4 22. gxh4 Nxh4 23. Nxh4 Qxh4 24. Nxe4 dxe4 25. Bc4 Be6 26. bxc6 bxc6 27. Rfb1 Bd5 28. Bxd5 cxd5 29. Rb7 Ra6 30. Rb8 Rxb8 31. Rxb8+ Kh7 32. Rh8+ 1/2-1/2

[Event "Syre Memorial op 33th"]
[Site "Issy les Moulineaux"]
[Date "2010.05.16"]
[Round "5"]
[White "Isetta, Andre"]
[Black "Stoenescu, Radu"]
[Result "0-1"]
[WhiteElo "1907"]
[BlackElo "2164"]
[PlyCount "89"]
[EventDate "2010.05.13"]
[EventType "swiss"]
[EventRounds "6"]
[EventCountry "FRA"]
[SourceTitle "EXT 2011"]
[Source "ChessBase"]
[SourceDate "2010.11.26"]
[SourceVersion "1"]
[SourceVersionDate "2010.11.26"]
[SourceQuality "1"]

1. e4 c5 2. Nc3 e6 3. g3 Nc6 4. Bg2 Nge7 5. Nge2 d5 6. exd5 exd5 7. Nf4 d4 8. Ncd5 Nxd5 9. Nxd5 Bd6 10. d3 0-0 11. 0-0 Be6 12. Nf4 Bf5 13. Re1 Qd7 14. a3 Ne5 15. Be4 Rac8 16. c3 dxc3 17. bxc3 Rfd8 18. Rb1 b6 19. Nd5 c4 20. Bf4 Bxe4 21. Rxe4 Qe6 22. Bxe5 Qxd5 23. Bxd6 Qxd6 24. d4 Qxa3 25. Qe1 Qd6 26. Qe2 Qc6 27. Rd1 h6 28. Re5 Rd5 29. Qe4 Rxe5 30. Qxe5 Re8 31. Qf5 Qe4 32. Qd7 Qe7 33. Qc6 Qe2 34. Rf1 Re7 35. d5 Qd3 36. Qd6 Re2 37. Qb8+ Kh7 38. d6 Re6 39. Qxa7 Rxd6 40. Qe7 Rf6 41. Qe8 Qxc3 42. Qe4+ Kg8 43. Qe8+ Kh7 44. Qe4+ Kg8 45. Qe8+ 0-1

[Event "Syre Memorial op 33th"]
[Site "Issy les Moulineaux"]
[Date "2010.05.15"]
[Round "3"]
[White "Danzanvilliers, Patrice"]
[Black "Stoenescu, Radu"]
[Result "0-1"]
[WhiteElo "1836"]
[BlackElo "2164"]
[PlyCount "54"]
[EventDate "2010.05.13"]
[EventType "swiss"]
[EventRounds "6"]
[EventCountry "FRA"]
[SourceTitle "EXT 2011"]
[Source "ChessBase"]
[SourceDate "2010.11.26"]
[SourceVersion "1"]
[SourceVersionDate "2010.11.26"]
[SourceQuality "1"]

1. e4 c5 2. Nf3 d6 3. d4 cxd4 4. Nxd4 Nf6 5. Nc3 a6 6. Bc4 e6 7. Bb3 Nbd7 8. Be3 Nc5 9. f3 Nxb3 10. axb3 d5 11. exd5 Nxd5 12. Nxd5 Qxd5 13. Ne2 Qf5 14. Qd2 e5 15. 0-0 Be7 16. f4 0-0 17. Ng3 Qe6 18. fxe5 Qxe5 19. Rae1 Bf6 20. c3 Be6 21. Bd4 Qd5 22. Ne2 Rad8 23. Qe3 Bh4 24. Rd1 Qg5 25. Qxg5 Bxg5 26. c4 Bg4 27. Rf2 Be3 0-1

[Event "Budapest FS09 IM-A"]
[Site "Budapest"]
[Date "2009.09.10"]
[Round "6"]
[White "Lorand, Norbert"]
[Black "Stoenescu, Radu"]
[Result "1-0"]
[WhiteElo "2339"]
[BlackElo "2175"]
[PlyCount "71"]
[EventDate "2009.09.05"]
[EventType "tourn"]
[EventRounds "13"]
[EventCountry "HUN"]
[SourceTitle "CBM 132 Extra"]
[Source "ChessBase"]
[SourceDate "2009.11.03"]
[SourceVersion "1"]
[SourceVersionDate "2009.11.03"]
[SourceQuality "1"]

1. e4 c5 2. Nf3 d6 3. d4 cxd4 4. Nxd4 Nf6 5. Nc3 a6 6. Be3 e6 7. f3 b5 8. g4 h6 9. Qd2 Bb7 10. 0-0-0 Nbd7 11. h4 b4 12. Na4 Qa5 13. b3 Nc5 14. a3 Nxa4 15. axb4 Qc7 16. bxa4 d5 17. e5 Nd7 18. a5 Qxe5 19. c3 Rc8 20. Kb2 Qc7 21. Rc1 Ne5 22. Rg1 Be7 23. f4 Nc4+ 24. Bxc4 Qxc4 25. g5 hxg5 26. hxg5 g6 27. Rh1 Kd7 28. Nf3 Bd6 29. Bd4 Rxh1 30. Rxh1 Bc6 31. Be5 Qe4 32. Rh3 Be7 33. Qf2 Ba4 34. Rh7 Ke8 35. Rh8+ Bf8 36. Bd6 1-0

[Event "FRA-chT1B 0809"]
[Site "France"]
[Date "2009.04.05"]
[Round "11.6"]
[White "Murie, Eric"]
[Black "Stoenescu, Radu"]
[Result "1-0"]
[WhiteElo "2067"]
[BlackElo "2135"]
[PlyCount "141"]
[EventDate "2008.10.19"]
[EventType "team-tourn"]
[EventRounds "11"]
[EventCountry "FRA"]
[SourceTitle "EXT 2010"]
[Source "ChessBase"]
[SourceDate "2010.11.25"]
[SourceVersion "1"]
[SourceVersionDate "2010.11.25"]
[SourceQuality "1"]
[WhiteTeam "Nantes"]
[BlackTeam "Club 608"]
[WhiteTeamCountry "FRA"]
[BlackTeamCountry "FRA"]

1. e4 c5 2. c3 Nf6 3. e5 Nd5 4. Nf3 Nc6 5. Bc4 Nb6 6. Bb3 d5 7. exd6 Qxd6 8. 0-0 c4 9. Bc2 Bg4 10. d4 cxd3 11. Qxd3 Qxd3 12. Bxd3 Bxf3 13. gxf3 e6 14. Nd2 Be7 15. f4 g6 16. Ne4 0-0 17. Be3 Rfd8 18. Bb5 Nd5 19. Rfd1 a6 20. Ba4 b5 21. Bb3 Nxe3 22. fxe3 Na5 23. Kf1 Rab8 24. Ke2 h6 25. Rxd8+ Rxd8 26. Rd1 Rxd1 27. Bxd1 f5 28. Nd2 g5 29. b4 Nb7 30. a4 g4 31. a5 Kf7 32. Nb3 h5 33. Nd4 Kf6 34. Nxb5 Nxa5 35. Nc7 Nb7 36. Nxa6 Nd6 37. Nc5 h4 38. Kf2 Bd8 39. Bc2 Ke7 40. Bd3 Bb6 41. Na4 g3+ 42. hxg3 hxg3+ 43. Kxg3 Bxe3 44. c4 Ne4+ 45. Bxe4 fxe4 46. Nc5 Bd2 47. b5 e3 48. Kf3 e2 49. Kxe2 Bxf4 50. Kd3 Bh2 51. Ne4 Bg1 52. c5 Kd7 53. Kc4 Kc7 54. Ng5 Kd7 55. b6 Be3 56. Nf3 Bf4 57. Kb5 e5 58. b7 e4 59. Nd4 Bb8 60. c6+ Kd6 61. Nf5+ Kc7 62. Ne7 Kd6 63. Nf5+ Kc7 64. Nd4 e3 65. Ne2 Ba7 66. Nf4 Bb8 67. Nd5+ Kd6 68. Nxe3 Bc7 69. Nc2 Kd5 70. Nb4+ Kd6 71. Na6 1-0

[Event "Paris-ch op-A"]
[Site "Paris"]
[Date "2008.06.29"]
[Round "2"]
[White "Stoenescu, Radu"]
[Black "Silva, Francis"]
[Result "1/2-1/2"]
[WhiteElo "2150"]
[BlackElo "2009"]
[PlyCount "43"]
[EventDate "2008.06.28"]
[EventType "swiss"]
[EventRounds "9"]
[EventCountry "FRA"]
[SourceTitle "CBM 125 Extra"]
[Source "ChessBase"]
[SourceDate "2008.09.01"]
[SourceVersion "1"]
[SourceVersionDate "2008.09.01"]
[SourceQuality "1"]

1. e4 e6 2. d4 d5 3. exd5 exd5 4. Bd3 Nc6 5. Ne2 Bg4 6. f3 Bh5 7. Nf4 Bg6 8. Nxg6 hxg6 9. c3 Bd6 10. Qe2+ Qe7 11. Qxe7+ Ngxe7 12. f4 g5 13. fxg5 Rxh2 14. Rxh2 Bxh2 15. Kf2 Bd6 16. Nd2 Bf4 17. Nf3 Bxc1 18. Rxc1 0-0-0 19. Rh1 Kd7 20. Rh7 Rg8 21. Nh4 Nd8 22. Nf3 1/2-1/2

[Event "FRA-chT2 Nord 0708"]
[Site "France"]
[Date "2008.02.10"]
[Round "7.5"]
[White "Stoenescu, Radu"]
[Black "Saglier, Paul"]
[Result "1-0"]
[WhiteElo "2149"]
[BlackElo "1886"]
[PlyCount "67"]
[EventDate "2007.10.21"]
[EventType "team"]
[EventRounds "11"]
[EventCountry "FRA"]
[SourceTitle "EXT 2009"]
[Source "ChessBase"]
[SourceDate "2008.11.26"]
[SourceVersion "1"]
[SourceVersionDate "2008.11.26"]
[SourceQuality "1"]
[WhiteTeam "Club 608"]
[BlackTeam "Le Vesinet"]
[WhiteTeamCountry "FRA"]
[BlackTeamCountry "FRA"]

1. e4 c5 2. Nf3 d6 3. d4 cxd4 4. Nxd4 Nf6 5. Nc3 a6 6. Bc4 e6 7. Bb3 Be7 8. Be3 Qc7 9. Qe2 b5 10. f3 Nc6 11. Nxc6 Qxc6 12. 0-0-0 Bb7 13. g4 0-0 14. h4 b4 15. Na4 Nd7 16. g5 Nc5 17. Nxc5 dxc5 18. h5 a5 19. g6 a4 20. Bc4 b3 21. h6 fxg6 22. hxg7 Rf7 23. Rxh7 Rxg7 24. Rxg7+ Kxg7 25. Qh2 Rh8 26. Qe5+ Bf6 27. Qxe6 Qxe6 28. Bxe6 Bc6 29. axb3 Rh5 30. Bg4 Rh2 31. bxa4 Bxa4 32. b3 Bb5 33. Bxc5 Rg2 34. Bd4 1-0